000 00203nam a2200109Ia 4500
100 _aNIETZSCHE
942 _cBK
245 _aTHUS SPOKE ZARATHUSTRA
260 _b#N/A
546 _aENGLISH
999 _c24537
_d24537